000 00728nam a2200229 cc4500
001 000030538
003 RuMoIPM
005 20260513103903.0
008 230210s1954 ru ||||||| |||| ||rus d
035 _a(RuMoBEN) 002102354
035 _a(ELAR retro) [2022] 000126877
040 _aRuMoBEN
_brus
_ercr
041 0 _arus
044 _aru
080 _a510(075.8)
245 1 0 _aТ. 1
_cВ. И. Смирнов
250 _a15-е изд.
260 _aМосква
_bГостехиздат
_c1954
300 _a472 с.
_bчерт.
773 _aСмирнов, Владимир Иванович
_tКурс высшей математики: [Учебная литература для вузов]
_w000018741
942 _cBK
999 _c30538
_d30538